00613nam a2200169 i 450000100060000000300090000600500170001500700030003200800410003510000310007624500800010726000670018730000210025450000930027571000410036885200340040947404ES-MaACL20241001114948.0t|030407q1950 sp ||||1| spa d1 aCorchón García, Justo.10aEncuesta de geografía regional extremeña / cpor J. Corchón García. aCáceres : b[s.n., c1950?] (fImp. Diputación provincial) a48 p. ; c21 cm. aPrecede al tít.: Servicios culturales de la excma. Diputación Provincial. Cáceres.1 aCáceres (Provincia).bDiputación aES-MaACLj1920-F-21 bR.29998